MARC

LEADER 00000nam0a2200000 4500
001 38730
005 20231031010501.0
035 |a (RuTPU)RU\TPU\book\39534 
090 |a 38730 
100 |a 20020315d1986 km y0rusy50 ca 
101 0 |a rus 
102 |a RU 
105 |a a z 001zy 
200 1 |a Системы автоматического управления объектами с переменными параметрами  |f Б. Н. Петров, Н. И. Соколов, А. В. Липатов и др. 
210 |a Москва  |c Машиностроение  |d 1986 
215 |a 253 с.  |c ил. 
320 |a Библиогр.: с. 247-250 
610 1 |a автоматика 
610 1 |a автоматическое управление 
610 1 |a САУ 
610 1 |a переменные параметры 
610 1 |a синтез 
610 1 |a регуляторы 
675 |a 681.516.75  |v 3 
701 1 |a Петров  |b Б. Н.  |g Борис Николаевич 
701 1 |a Соколов  |b Н. И.  |g Николай Иванович 
701 1 |a Липатов  |b А. В.  |g Александр Васильевич 
701 1 |a Носов  |b Л. А.  |g Лев Александрович 
701 1 |a Садыков  |b Ф. Р.  |g Фэрид Разакович 
801 1 |a RU  |b 63413507  |c 20020315  |g PSBO 
801 2 |a RU  |b 63413507  |c 20160923  |g PSBO 
942 |c BK